000 00556cam a2200229ua 4500
020 _a81-224-0106-6
_c110.00
041 _aeng
_h
082 _a532
_bGAR/FL
100 _aGarde, R J .
245 _aFluid mechanics through problems /
_cR J Garde.
_hTextual Documents
250 _a2 /
_b.
260 _aNew Delhi :
_bWiley Eastern Ltd ,
_c1992.
300 _a660 ; .
365 _a110.00
500 _a*CSS
504 _a
942 _cBK
999 _c7252
_d7252